Quizz de latin sur l'espace - Statistiques

Statistiques générales
  • Ce quiz a été pris 32 fois
    28 depuis la dernière actualisation
  • Le résultat moyen est 13 sur 20
Statistiques - réponses
Question Réponse % Correct
Que signifie "astrum" en latin ? Astre
100%
Que signifie "stella" en latin ? Etoile
93%
Que veut dire "lumen" en latin? Lumière
89%
Quel mot français vient de "nebula" ? Nébuleuse
82%
Quel mot latin a donné "satellite" ? Satelles
82%
Le mot "solis" est à l'origine de quel(s) mot(s) français ? Solaire
82%
Le mot "astronauta" signifie "astronaute" en latin : Faux
75%
Quel(s) mot(s) français viennent de "astrum" ? Tous ces mots !
71%
Que signifie "terra" en latin ? Terre
68%
Quel mot français vient de "terra" ? Territoire
68%
Le mot "solarium" veut dire "soleil" en latin : Faux
64%
Quel est le mot latin pour "galaxie" ? Galaxia
64%
Que veut dire "orbis" en latin ? Orbite
61%
Quel(s) mot(s) français vient de "sidus" ? Sidéral
57%
Le mot "lacteus" signifie "lait" en latin : Vrai
54%
Le mot "caelus" signifie "ciel" en latin : Vrai
50%
Le mot "aether" signifie "espace" en latin : Faux
39%
Le mot "saturnus" est le nom latin de la planète Saturne : Vrai
39%
Le mot "orbiculus" signifie "petite orbite" en latin : Faux
32%
Le mot "meteoritum" signifie "météorite" en latin : Vrai
32%
Aucun quiz correspondant
Distribution des résultats
% des personnes avec chaque résultat
Percentile par nombre de réponses
Votre historique - résultats
Vous n’avez pas pris ce quiz depuis la dernière actualisation